00760 a2200157 4500020001500000020001800015082001100033100002200044245007500066260004400141300002100185490003500206520030700241700001900548830003500567 a0750626356 a978075062635404a530.441 aPitaevskii, L. P.10aPhysical kinetics :b.nVolume 10 /cL. P. Pitaevskii, E.M. Lifshitz. a[S.l.] :bButterworth-Heinemann,c1981. a452 p. ;c25 cm.1 aCourse of theoretical physics. aThis volume is mainly concerned with a systematic development of the theory of plasmas, the authority being firmly rooted in the pioneering work of Landau. Corresponding results are also given for partially ionized plasmas, relativistic plasmas, degenerate or non-ideal plasmas and solid state plasmas.1 aLifshitz, E.M. 0aCourse of theoretical physics.